Ahí les dejo esos fierros (Registro nro. 12412)

000 -CABECERA
campo de control de longitud fija 00448nam a22001697a 4500
003 - IDENTIFICADOR DEL NÚMERO DE CONTROL
campo de control OSt
005 - FECHA Y HORA DE LA ÚLTIMA TRANSACCIÓN
campo de control 20200811125830.0
008 - DATOS DE LONGITUD FIJA--INFORMACIÓN GENERAL
campo de control de longitud fija 200811b ||||| |||| 00| 0 spa d
040 ## - FUENTE DE LA CATALOGACIÓN
Centro/agencia transcriptor Co-mqBPB
082 ## - NÚMERO DE LA CLASIFICACIÓN DECIMAL DEWEY
Número de clasificación 303.60986 M65a
100 ## - ENTRADA PRINCIPAL--NOMBRE DE PERSONA
Nombre de persona Molano, Alfredo
Fechas asociadas al nombre 1944-2019.
245 ## - MENCIÓN DE TÍTULO
Título Ahí les dejo esos fierros
Mención de responsabilidad, etc. Alfredo Molano.
300 ## - DESCRIPCIÓN FÍSICA
Extensión 223p
Dimensiones 19 cm
500 ## - NOTA GENERAL
Nota general Biografía
650 ## - PUNTO DE ACCESO ADICIONAL DE MATERIA--TÉRMINO DE MATERIA
Fuente del encabezamiento o término Violencia
Término de materia o nombre geográfico como elemento de entrada Colombia
Subdivisión de forma Relatos personales
942 ## - ELEMENTOS DE PUNTO DE ACCESO ADICIONAL (KOHA)
Fuente del sistema de clasificación o colocación
Tipo de ítem Koha Libro
Existencias
Estado de retiro Estado de pérdida Fuente del sistema de clasificación o colocación Estado dañado No para préstamo Código de colección Localización permanente Ubicación/localización actual Fecha de adquisición Número de inventario Total de préstamos Signatura topográfica completa Código de barras Fecha visto por última vez Número de copia Precio válido a partir de Tipo de ítem Koha Nota pública
          Colección General Biblioteca Pública San Juan Bosco Biblioteca Pública San Juan Bosco 11/08/2020 N.A   303.60986 M65a MOS500015 07/01/2021 Ej 1 11/08/2020 Libro Ocho dias

© Todos los derechos reservados para la Biblioteca Pública Municipal San Juan Bosco, 2020
Secretaria de Cultura de Mosquera
Carrera 3 N° 10 Esquina Centro Cultural Barrio El Carmén Teléfono: 8270830 Ext: 34
Funcionando con KOHA
Contacto: Biblioteca Pública Municipal San Juan Bosco/ bibliotecasanjuanbosco@mosquera-cundinamarca.gov.co
Mosquera, Cundinamarca